Reconnaîssez vous ces eurodéputés français en activité ? - Statistiques

Statistiques générales
  • Ce quiz a été pris 78 fois
  • Le résultat moyen est 10 sur 16
Statistiques - réponses
Par images Hint Réponse % Correct
Rassemblement National Jordan Bardella
100%
Reconquête Marion Maréchal
95%
La France Insoumise Manon Aubry
92%
Parti Socialiste - Place Publique Raphaël Glucksmann
88%
La France Insoumise Rima Hassan
83%
Les Républicains François Xavier Bellamy
82%
Ensemble Valérie Hayer
72%
Les Répubicains Nadine Morano
68%
Ensemble Nathalie Loiseau
53%
Les Ecologistes Marie Toussaint
48%
Rassemblement National Thierry Mariani
43%
Reconquête Nicolas Bay
40%
Reconquête Guillaume Peltier
28%
La France Insoumise Leïla Chaibi
23%
Les Ecologistes David Cormand
18%
Rassemblement National Malika Sorel
18%
Aucun quiz correspondant
Distribution des résultats
% des personnes avec chaque résultat
Percentile par nombre de réponses
Votre historique - résultats
Vous n’avez pas pris ce quiz